000 00692nam a2200193Ia 4500
003 GCL
008 140319s9999 xx 000 0 ara d
040 _aGCL /
_cGCL
082 0 4 _a341.7
_bج م
100 1 _aجارنم، ديفيد
245 1 0 _aمستلزمات الردع مفاتيح التحكم بسلوك الخصم /
_cجارنم، ديفيد
260 _aالامارات :
_bمركز الامارات للدراسات والبحوث الاستراتيجية ،
_c1998
300 _a64 ص
650 0 4 _aالقانون الدولى
650 0 4 _aالتعاون الدولى
650 0 4 _aالاستراتيجية
650 0 4 _aالسياسة العسكرية
942 _2ddc
_cBK
999 _c4025
_d4025